=LDR 00000nam 2200000 4500 =001 INLIS000000000006332 =005 20251107082849 =035 ##$$a 0010-1125000206 =007 ta =008 251107###########################0#ind## =082 ##$$a 363.96 =084 ##$$a 363.96 BAD p =245 1#$$a Potensi Institusi Masyarakat Dan UPPKA - KB : $b - /$c Badan Koordinasi Keluarga Berencana Nasional =260 ##$:$b Badan Koordinasi Keluarga Berencana Nasional =300 ##$$a 29 hal : $b ilus ; $c 21 cm =650 #4$$a Keluarga Berencana =110 #$$a Badan Koordinasi Keluarga Berencana Nasional =856 ##$$a Perpustakaan Kemendukbangga